| 000 | 01390nam a2200337Ia 4500 | ||
|---|---|---|---|
| 001 | ebr10172721 | ||
| 003 | CaPaEBR | ||
| 006 | m u | ||
| 007 | cr cn||||||||| | ||
| 008 | 000110s2000 txua sb s001 0 eng d | ||
| 010 | _z 00021339 | ||
| 020 | _z9780292708853 | ||
| 020 | _z0292708858 (cloth : alk. paper) | ||
| 020 | _z0292708866 (pbk. : alk. paper) | ||
| 040 |
_aCaPaEBR _cCaPaEBR |
||
| 035 | _a(OCoLC)191935931 | ||
| 050 | 1 | 4 |
_aE78.O6 _bB38 2000eb |
| 100 | 1 |
_aBaughman, Mike, _d1937- |
|
| 245 | 1 | 0 |
_aWarm Springs millennium _h[electronic resource] : _bvoices from the reservation / _cMichael Baughman and Charlotte Hadella. |
| 250 | _a1st ed. | ||
| 260 |
_aAustin, TX : _bUniversity of Texas Press, _c2000. |
||
| 300 |
_a171 p. : _bill. |
||
| 504 | _aIncludes bibliographical references (p. [165]-168) and index. | ||
| 533 |
_aElectronic reproduction. _bPalo Alto, Calif. : _cebrary, _d2009. _nAvailable via World Wide Web. _nAccess may be limited to ebrary affiliated libraries. |
||
| 650 | 0 |
_aIndians of North America _zOregon _zWarm Springs Indian Reservation. |
|
| 651 | 0 | _aWarm Springs Indian Reservation (Or.) | |
| 655 | 7 |
_aElectronic books. _2local |
|
| 700 | 1 | _aHadella, Charlotte Cook. | |
| 710 | 2 | _aebrary, Inc. | |
| 856 | 4 | 0 |
_uhttp://site.ebrary.com/lib/rucke/Doc?id=10172721 _zAn electronic book accessible through the World Wide Web; click to view |
| 999 |
_c138687 _d138687 |
||